Opthalmology in focus/ (Record no. 9540)
[ view plain ]
| 000 -LEADER | |
|---|---|
| fixed length control field | 00537nam a22002057a 4500 |
| 003 - CONTROL NUMBER IDENTIFIER | |
| control field | OSt |
| 005 - DATE AND TIME OF LATEST TRANSACTION | |
| control field | 20251008101418.0 |
| 008 - FIXED-LENGTH DATA ELEMENTS--GENERAL INFORMATION | |
| fixed length control field | 251008b |||||||| |||| 00| 0 eng d |
| 020 ## - INTERNATIONAL STANDARD BOOK NUMBER | |
| International Standard Book Number | 0443100306 |
| 040 ## - CATALOGING SOURCE | |
| Transcribing agency | MUST |
| 082 ## - DEWEY DECIMAL CLASSIFICATION NUMBER | |
| Classification number | WW 100 K 134 o 2005 |
| 100 ## - MAIN ENTRY--PERSONAL NAME | |
| Personal name | Kanski Jack J |
| 9 (RLIN) | 337 |
| 245 ## - TITLE STATEMENT | |
| Title | Opthalmology in focus/ |
| Statement of responsibility, etc. | Jack J Kanski, Brad Bowling |
| 260 ## - PUBLICATION, DISTRIBUTION, ETC. (IMPRINT) | |
| Place of publication, distribution, etc. | Londan |
| Name of publisher, distributor, etc. | Elsevier |
| Date of publication, distribution, etc. | c2005 |
| 300 ## - PHYSICAL DESCRIPTION | |
| Extent | 175p. |
| Dimensions | 19cm. |
| 504 ## - BIBLIOGRAPHY, ETC. NOTE | |
| Bibliography, etc | Indexes included |
| 650 ## - SUBJECT ADDED ENTRY--TOPICAL TERM | |
| Source of heading or term | Optholmology |
| 700 ## - ADDED ENTRY--PERSONAL NAME | |
| Personal name | Bowling , Brad |
| 9 (RLIN) | 19416 |
| 942 ## - ADDED ENTRY ELEMENTS (KOHA) | |
| Source of classification or shelving scheme | Other/Generic Classification Scheme |
| Koha item type | Open Shelf |
| Withdrawn status | Lost status | Source of classification or shelving scheme | Damaged status | Not for loan | Home library | Current library | Date acquired | Source of acquisition | Inventory number | Total Checkouts | Full call number | Barcode | Date last seen | Copy number | Price effective from | Koha item type |
|---|---|---|---|---|---|---|---|---|---|---|---|---|---|---|---|---|
| Other/Generic Classification Scheme | MUST Main Library | MUST Main Library | 08/10/2025 | Donation | 12/36022 | WW 100 K 134 o 2005 | 2025-0080 | 08/10/2025 | 2025-0080 | 08/10/2025 | Open Shelf |
